书目信息 |
| 题名: |
永乐大典
|
|
| 作者: | 高拱 校 | |
| 分册: | 第六册 | |
| 出版信息: | 北京 中华书局 1986 |
|
| 页数: | 5139-6204页 | |
| 开本: | 26cm | |
| 丛书名: | ||
| 单 册: | ||
| 中图分类: | Z224 | |
| 科图分类: | ||
| 主题词: | 百科全书--中国--明代 | |
| 电子资源: | ||
| ISBN: | ||
| 000 | 00691nam0 2200253 45 | |
| 001 | 0186004043 | |
| 005 | 20061017091113.65 | |
| 010 | @b精装@dCNY45.00 | |
| 091 | @a17018.128 | |
| 100 | @a19951122d1986 em y0chiy0121 ea | |
| 101 | 0 | @achi |
| 102 | @aCN@b110000 | |
| 105 | @ay z 000yy | |
| 200 | 10 | @a永乐大典@Ayong le da dian@f(明)高拱等校@F(ming)gao gong deng xiao@h第六册 |
| 205 | @b影印本 | |
| 210 | @a北京@b北京王府井大街36号@c中华书局@d1986 | |
| 215 | @a5139-6204页@d26cm | |
| 300 | @a全套10册,CNY450 | |
| 606 | 0 | @a百科全书@x中国@z明代 |
| 690 | @aZ224@v3 | |
| 701 | 0 | @a高拱@Agao gong@4校 |
| 801 | 2 | @aCN@bNLC@c20061017 |
| 801 | 0 | @aCN@bTSSF |
| 905 | @a10447@dZ224@e84:6 | |
| 永乐大典/(明)高拱等校.第六册.-影印本.-北京(北京王府井大街36号):中华书局,1986 |
| 5139-6204页;26cm |
| 全套10册,CNY450 |
| ISBN (精装):CNY45.00 |
| ● |
| 相关链接 |
|
|
|
|
正题名:永乐大典
索取号:Z224/84:6
 
预约/预借
| 序号 | 登录号 | 条形码 | 馆藏地/架位号 | 状态 | 备注 |
| 1 | 0157627 | 202403951 | 古籍典藏专区/ [索取号:Z224/84:6] | 在馆 |